00411pab a2200133 454500008004000000100001800040245011400058260000900172300001400181362000800195650002400203650002300227773002700250180718b2009 xxu||||| |||| 00| 0 eng d aRazmi, Arslan aDoes pleasing export-oriented foreign investors help your balance of payments? A general equilibrium analysis c2009 ap.128-49. aJan aBalance of payments aForeign investment aOxford Economic Papers